000 00909cam a2200181 4500
001 WB3944-17
008 031119n2003 000 0 eng u
035 _a(Sirsi) u124370
245 _aRICS to improve links with members
260 _c2003
490 _aRICS Press Release
_v(pr108) 18 November 2003 (2)
520 _aThe RICS have launched the new President's Review Committee, designed to address concerns that elements of the broad RICS are too remote from the decision-making process. At least half of the committee will have no official involvement in RICS affairs. RICS members are to be invited to participate in the committee. http://www.rics.org/ricscms/bin/show?class=PressRelease&template=/includes/showpr.html&id=1061&faculty=RICS
590 _aWB
650 _aPROFESSIONAL INSTITUTIONS
650 _aRICS
690 _aMANAGEMENT-BUSINESS MANAGEMENT-PROFESSIONAL PRACTICE
942 _n0
999 _c73808
_d73808